Héros de Dota 2 - Statistiques

Statistiques générales
  • Ce quiz a été pris 108 fois
  • Le résultat moyen est 96 sur 124
Statistiques - réponses
Attribut Héros ou Héroïne % Correct
Agilité Ember Spirit
96%
Force Pudge
92%
Agilité Drow Ranger
90%
Force Earthshaker
90%
Force Earth Spirit
90%
Agilité Phantom Assassin
90%
Polyvalence Void Spirit
90%
Intelligence Zeus
90%
Polyvalence Abaddon
88%
Agilité Anti-mage
88%
Force Axe
88%
Force Dragon Knight
88%
Intelligence Lina
88%
Agilité Phantom Lancer
88%
Agilité Shadow Fiend
88%
Force Alchemist
87%
Force Bristleback
87%
Intelligence Crystal Maiden
87%
Polyvalence Io
87%
Agilité Juggernaut
87%
Force Kunkka
87%
Agilité Sniper
87%
Force Tidehunter
87%
Agilité Viper
87%
Intelligence Witch Doctor
87%
Agilité Riki
85%
Intelligence Shadow Demon
85%
Intelligence Storm Spirit
85%
Polyvalence Beastmaster
83%
Force Chaos Knight
83%
Agilité Faceless Void
83%
Force Huskar
83%
Polyvalence Invoker
83%
Force Legion Commander
83%
Polyvalence Nyx Assassin
83%
Intelligence Queen of Pain
83%
Polyvalence Techies
83%
Agilité Weaver
83%
Polyvalence Winter Wyvern
83%
Force Wraith King
83%
Agilité Bounty Hunter
81%
Force Centaur Warrunner
81%
Intelligence Lion
81%
Agilité Luna
81%
Agilité Medusa
81%
Intelligence Shadow Shaman
81%
Agilité Slark
81%
Intelligence Ancient Apparition
79%
Agilité Clinkz
79%
Force Doom
79%
Intelligence Enchantress
79%
Polyvalence Enigma
79%
Polyvalence Mirana
79%
Agilité Monkey King
79%
Agilité Naga Siren
79%
Polyvalence Pangolier
79%
Intelligence Skywrath Mage
79%
Agilité Templar Assassin
79%
Agilité Terrorblade
79%
Force Treant Protector
79%
Polyvalence Vengeful Spirit
79%
Agilité Arc Warden
77%
Polyvalence Bane
77%
Polyvalence Batrider
77%
Polyvalence Dark Seer
77%
Intelligence Keeper of the Light
77%
Force Mars
77%
Intelligence Nature's Prophet
77%
Force Spirit Breaker
77%
Force Sven
77%
Force Timbersaw
77%
Force Undying
77%
Polyvalence Venomancer
77%
Agilité Bloodseeker
75%
Polyvalence Brewmaster
75%
Polyvalence Marci
75%
Force Night Stalker
75%
Force Ogre Magi
75%
Force Slardar
75%
Force Tiny
75%
Force Underlord
75%
Polyvalence Wind Ranger
75%
Polyvalence Broodmother
73%
Polyvalence Clockwerk
73%
Intelligence Disruptor
73%
Force Elder Titan
73%
Intelligence Jakiro
73%
Intelligence Oracle
73%
Intelligence Tinker
73%
Agilité Ursa
73%
Polyvalence Visage
73%
Intelligence Warlock
73%
Polyvalence Chen
71%
Polyvalence Dark Willow
71%
Force Dawnbreaker
71%
Intelligence Grimstroke
71%
Polyvalence Magnus
71%
Force Omniknight
71%
Intelligence Puck
71%
Polyvalence Dazzle
69%
Intelligence Death Prophet
69%
Force Primal Beast
69%
Intelligence Pugna
69%
Agilité Spectre
69%
Force Tusk
69%
Agilité Hoodwink
67%
Intelligence Leshrac
67%
Force Lifestealer
67%
Polyvalence Lone Druide
67%
Agilité Razor
67%
Intelligence Rubick
67%
Polyvalence Sand King
67%
Intelligence Lich
65%
Intelligence Outworld Destroyer
65%
Intelligence Silencer
65%
Agilité Gyrocopter
63%
Polyvalence Lycan
63%
Agilité Morphling
63%
Polyvalence Phoenix
63%
Agilité Troll Warlord
62%
Agilité Meepo
60%
Polyvalence Snapfire
58%
Intelligence Muerta
54%
Intelligence Necrophos
54%
Aucun quiz correspondant
Distribution des résultats
% des personnes avec chaque résultat
Percentile par nombre de réponses
Votre historique - résultats
Vous n’avez pas pris ce quiz